European Countries With The Most English Speakers - Statistics

General Stats
  • This quiz has been taken 73 times
  • The average score is 17 of 20
Answer Stats
% Country % Correct
94 Ireland
100%
97 United Kingdom
100%
55 Germany
98%
90 Netherlands
96%
51 Belgium
95%
81 Sweden
95%
70 Finland
93%
88 Norway
93%
73 Austria
89%
84 Denmark
89%
87 Iceland
89%
63 Switzerland
89%
58 Luxembourg
87%
52 Greece
84%
49 Estonia
78%
44 Latvia
78%
88 Malta
76%
67 Liechtenstein
69%
47 Croatia
60%
59 Slovenia
60%
No matching quizzes found
Score Distribution
Percent of People with Each Score
Percentile by Number Answered
Your Score History
You have not taken this quiz